000 00250nam a22001217a 4500
008 180222b xxu||||| |||| 00| 0 eng d
041 _aeng
080 _a94
100 _a16
101 _aHIS
245 _aKoln cologne
_cSpiegel,R
942 _2udc
_cBK
999 _c43151
_d43151